Titan Academy (Jianhao Tan) - Statistics

General Stats
  • This quiz has been taken 67 times
  • The average score is 10 of 18
Answer Stats
Hint Answer % Correct
"Randy Chang" Ren Yi Xiang
89%
Hall Monitor Kevin
77%
Disrespected PE Teacher Mr Dan
77%
Principal Ms Siti
77%
Above's sister Diana
74%
Has high expectations in studies Denise
71%
Above's daughter Vicky
66%
Calls her study group "Study Buddies" Debbie
63%
Influencer Jasmine
63%
Makes mashed potato Aunty Betty
60%
Above's brother Jianhao Tan
54%
Above's mother Mrs Taylor
43%
Above's biggest fan Sunny
43%
Leader of The Organisation Mr Alan Tan
37%
Above's daughter Nicole Tan
37%
Above's mother Chelsea
31%
Student who retained for many years Peter
31%
Teacher who is always pregnant Mdm Soot Beng
29%
No matching quizzes found
Score Distribution
Percent of People with Each Score
Percentile by Number Answered
Your Score History
You have not taken this quiz